Word Ladder: For Baby Tiger Woods Quiz Stats

 Plays Quiz Updated Aug 22, 2014

Support Sporcle.
Go Orange.
Score 0/14 Timer 01:30
0 Plays Today
Clue 4-Letter Word % Correct
Refreshing gum or ice cream flavorMINT
94.1%
With [First Rung], an amusement with 18 holes and windmillsGOLF
93.5%
Half of a quartPINT
92.4%
Kick on fourth downPUNT
88.6%
Sea birdGULL
85.6%
With [Last Rung], an amusement with 18 holes and windmillsMINI
85.2%
Your rearBUTT
84.5%
Clue 4-Letter Word % Correct
Partially enclosed body of waterGULF
84.3%
Male elephantBULL
78.5%
When doubled, a synonym for [First Rung] [Last Rung]PUTT
77.8%
Conveyor or fan, e.g.BELT
75.1%
Big Ben, for oneBELL
71.2%
Damage or shatter somethingBUST
50.3%
Defeat in a fightBEST
47.2%

Today's Daily Dose

You're not logged in!

Compare scores with friends on all Sporcle quizzes.
OR
Log In

From the Vault

WWII Propaganda Posters

by gazzso

He seems pretty psyched by whatever's on the other side of that periscope.
Remove Ads.
Support Sporcle.
Get the best of Sporcle when you Go Orange. This ad-free experience offers more features, more stats, and more fun while also helping to support Sporcle. Thank you for becoming a member.

Show Comments

Extras

Top Quizzes Today


Score Distribution

Your Account Isn't Verified!

In order to create a playlist on Sporcle, you need to verify the email address you used during registration. Go to your Sporcle Settings to finish the process.

Report this User

Report this user for behavior that violates our Community Guidelines.

Details: